Loading...
| Science - Biology | 0 | 7 | 0 | 3 | 70 | 21 | 59.00 | 3 | 6 | 29.13 | 45.56 |
| Science - Physics | 0 | 7 | 1 | 0 | 65 | 23 | 48.14 | 5 | 7 | 38.52 | 64.44 |
| Literature - American | 0 | 5 | 0 | 0 | 50 | 50 | 63.80 | 0 | 3 | 23.54 | 30.00 |
| Fine Arts - Other | 0 | 5 | 0 | 1 | 50 | 33 | 64.60 | 1 | 3 | 21.25 | 35.56 |
| Social Science | 0 | 4 | 0 | 0 | 40 | 16 | 41.25 | 2 | 4 | 34.49 | 52.38 |
| Mythology | 0 | 4 | 0 | 2 | 40 | 38 | 76.50 | 1 | 1 | 14.39 | 18.89 |
| Science - Chemistry | 0 | 5 | 3 | 1 | 35 | 9 | 49.20 | 1 | 4 | 25.15 | 36.67 |
| Fine Arts - Classical Music | 0 | 4 | 2 | 1 | 30 | 51 | 79.50 | 0 | 3 | 12.27 | 26.67 |
| Literature - British | 0 | 3 | 0 | 0 | 30 | 15 | 59.33 | 1 | 3 | 14.43 | 24.44 |
| Literature - European | 0 | 3 | 0 | 2 | 30 | 35 | 67.33 | 1 | 1 | 11.50 | 18.89 |
| Philosophy | 0 | 4 | 2 | 1 | 30 | 54 | 58.00 | 0 | 3 | 19.24 | 33.33 |
| History - American | 0 | 3 | 1 | 0 | 25 | 48 | 51.67 | 1 | 3 | 15.37 | 24.44 |
| Science - Other | 0 | 4 | 4 | 1 | 20 | 30 | 67.75 | 2 | 3 | 14.62 | 30.00 |
| Geography | 0 | 2 | 0 | 1 | 20 | 74 | 77.00 | 0 | 1 | 13.98 | 33.33 |
| Popular Culture | 0 | 2 | 0 | 1 | 20 | 70 | 87.00 | 0 | 1 | 9.52 | 20.00 |
| Literature - World | 0 | 2 | 1 | 1 | 15 | 76 | 82.00 | 0 | 1 | 5.94 | 14.44 |
| History - Other | 0 | 1 | 0 | 0 | 10 | 49 | 49.00 | 1 | 1 | 5.55 | 10.00 |
| History - European | 0 | 1 | 1 | 0 | 5 | 30 | 30.00 | 0 | 1 | 7.17 | 8.89 |
| History - World | 0 | 1 | 1 | 0 | 5 | 72 | 72.00 | 0 | 0 | 3.33 | 6.67 |
| Religion | 0 | 1 | 1 | 0 | 5 | 73 | 73.00 | 0 | 1 | 3.87 | 7.78 |